LEADER 01028nam a2200313 i 4500 001 991001169039707536 005 20020507112159.0 008 970308s1980 us ||| | eng 020 $a0124710506 035 $ab10183346-39ule_inst 035 $aLE00643290$9ExL 040 $aDip.to Fisica$bita 084 $a53.2.63 084 $a53.3.3 084 $a53.8.8 084 $a537.6 084 $aQC680 100 1 $aMarcuse, Dietrich$03942 245 10$aPrinciples of quantum electronics /$cDietrich Marcuse 260 $aNew York :$bAcademic Press, Inc.,$c1980 300 $axvi, 494 p. :$bill. ;$c24 cm. 500 $aIncludes bibliography and index. 650 4$aQuantum electrodynamics 907 $a.b10183346$b21-09-06$c27-06-02 912 $a991001169039707536 945 $aLE006 53.2.63 MAR$g1$i2006000046343$lle006$o-$pE0.00$q-$rl$s- $t0$u1$v0$w1$x0$y.i10224774$z27-06-02 996 $aPrinciples of quantum electronics$9190702 997 $aUNISALENTO 998 $ale006$b01-01-97$cm$da $e-$feng$gus $h0$i1